| 000 | 00607nam a2200193 i 4500 | ||
|---|---|---|---|
| 001 | 77225 | ||
| 003 | ES-MaACL | ||
| 005 | 20230906173125.0 | ||
| 007 | t| | ||
| 008 | 041007s1970 sp ||||1| spa d | ||
| 100 | 1 |
_aHaas, Gerhard. _9163208 |
|
| 245 | 1 | 0 |
_aCalculadoras numéricas electrónicas / _cG. Haas ; [traducido por Manuel Pérez Chirinos y Palud]. |
| 250 | _a[2ª ed. corr. y aum.]. | ||
| 260 |
_aMadrid : _bParaninfo, _c1970. |
||
| 300 |
_a280 p. : _bil. ; _c21 cm. |
||
| 650 | 4 |
_aCalculadoras. _9135706 |
|
| 700 | 1 |
_aPérez Chirinos y Palud, M. _990730 |
|
| 852 |
_aES-MaACL _jC-38253 _bR.75646 |
||
| 999 |
_c77225 _d77225 |
||